Paradise of the animals : (Record no. 110551)
[ view plain ]
| 000 -LEADER | |
|---|---|
| fixed length control field | 00566nam a2200181 a 4500 |
| 001 - CONTROL NUMBER | |
| control field | 3882 |
| 005 - DATE AND TIME OF LATEST TRANSACTION | |
| control field | 20140414131858.0 |
| 008 - FIXED-LENGTH DATA ELEMENTS--GENERAL INFORMATION | |
| fixed length control field | 040202s19uu xx 00 eng d |
| 020 ## - INTERNATIONAL STANDARD BOOK NUMBER | |
| International Standard Book Number | 97150-8022-7 |
| 050 ## - LIBRARY OF CONGRESS CALL NUMBER | |
| Classification number | FIL |
| Item number | P21 1995 |
| 100 ## - MAIN ENTRY--PERSONAL NAME | |
| Personal name | Almario, Virgilio S. |
| 245 #0 - TITLE STATEMENT | |
| Title | Paradise of the animals : |
| Statement of responsibility, etc | Story by Virgilio Almario ; illustrated by Joanne de Leon. |
| Remainder of title | for peace in the world / |
| 260 ## - PUBLICATION, DISTRIBUTION, ETC. (IMPRINT) | |
| Name of publisher, distributor, etc | Adarna Book Services, |
| Date of publication, distribution, etc | 1995. |
| Place of publication, distribution, etc | QC, Philippines : |
| 300 ## - PHYSICAL DESCRIPTION | |
| Extent | 1 v. p. : ill. ; cm. |
| 440 ## - SERIES STATEMENT/ADDED ENTRY--TITLE | |
| Title | Adarna books |
| 650 ## - SUBJECT ADDED ENTRY--TOPICAL TERM | |
| Topical term or geographic name as entry element | Animals |
| General subdivision | Fiction. |
| Withdrawn status | Lost status | Damaged status | Use restrictions | Home library | Current library | Shelving location | Date acquired | Source of acquisition | Total Checkouts | Full call number | Barcode | Date last seen | Price effective from | Koha item type |
|---|---|---|---|---|---|---|---|---|---|---|---|---|---|---|
| Munich Library | Munich Library | Filipiniana Section | 02/02/2004 | FIL P21 1995 | M0986 | 04/14/2014 | 04/14/2014 | Books |